000 00225nam a2200097Ia 4500
008 240331s9999 xx 000 0 und d
082 _bHSU
100 _aHsueh-Chin, T
245 0 _aAdream ofredmansions :
_bVolume II
942 _cL
999 _c3357
_d3357